[Event "Vidmar Memorial 13th"]
[Site "Portoroz"]
[Date "1999.06.23"]
[Round "10"]
[White "Pavasovic, Dusko"]
[Black "Beliavsky, Alexander G"]
[Result "0-1"]
[WhiteElo "2502"]
[BlackElo "2650"]
[Annotator "Mikhalevski,V"]
[PlyCount "70"]
[EventDate "1999.06.??"]
[EventType "tourn"]
[EventRounds "10"]
[EventCountry "SLO"]
[EventCategory "14"]
[SourceTitle "CBM 072"]
[Source "ChessBase"]
[SourceDate "1999.10.01"]
[SourceVersion "1"]
[SourceVersionDate "1999.10.01"]
[SourceQuality "1"]

1. e4 e5 2. Nf3 Nc6 3. d4 exd4 4. Nxd4 Nf6 5. Nc3 Bb4 6. Nxc6 bxc6 7. Bd3 d5 8.
exd5 cxd5 9. O-O O-O 10. Bg5 c6 11. Qf3 Be7 12. h3 (12. Rae1 Be6 13. Bf5 Bxf5
14. Qxf5 h6 15. Bh4 Rb8 16. b3 Rb4 17. f4 $2 {0-1 Berg,E-Ibragimov,I/
Katrineholm SWE 1999 (40) CBM71 [Mikhalevski,V] (40)} (17. Bg3 $142)) 12... h6
(12... Rb8 13. Na4 Be6 14. Rad1 h6 15. Be3 Qa5 16. b3 Rbd8 17. Qg3 d4 (17...
Kh8) 18. Bd2 Bb4 19. Bxb4 (19. Bxh6 $2 Nh5 20. Qg5 Rd5) 19... Qxb4 20. Qc7 $13
{0-1 Florean,A-Zhang Zhong/Calicut IND 1998 (36)}) 13. Bf4 {Rare continuation.}
(13. Bh4 {is the main line and firstly occured 100 years ago!(see below).} Rb8
(13... Be6) 14. b3 (14. Rab1 Rb4 15. Bg3 Bd6 16. a3 Rb8 17. Rfe1 Re8 18. b4 Rb7
19. Bxd6 Rxe1+ 20. Rxe1 Qxd6 21. Na4 $14 {1/2-1/2 Bird,H-Maroczy,G/London 1899/
HCL (64)}) 14... Rb4 15. Bg3 Bd6 16. Ne2 c5 17. c3 Rb6 18. Bxd6 Rxd6 19. Ng3
Re8 20. Rfe1 Rde6 21. Rxe6 Rxe6 22. Bf5 Re5 23. Rd1 Bxf5 24. Nxf5 Qb6 25. Ne3
Qe6 26. b4 Ne4 27. bxc5 Nxc3 {Shtyrenkov,V-Tkachiev,V/Cappelle 1995/EXT 97/0-1
(43)}) 13... Nh7 $146 {[%cal Gh7g5,Gg5e6] Beliavsky avoids bishops exchange in
order to complicate White's task.} (13... Bd6 {[%cal Ga8b8] was played almost
in all games with 13.Bf4} 14. Na4 (14. Rfe1 Rb8 15. b3 Be6 16. Ne2 c5 17. Rad1
Rb6 18. Bxd6 Rxd6 19. c3 Qa5 20. Bb1 Rfd8 21. Ng3 Kf8 22. Kh2 d4 23. cxd4 cxd4
24. Qd3 Rd5 25. Qd2 Qc7 26. Bd3 Rc5 27. Kg1 Kg8 28. Ne4 Nxe4 {Horvath,S-Borocz,
I/HUN-chT1 1995/EXT 97/1/2-1/2 (46)}) 14... Rb8 15. b3 (15. c4 Be6 16. Rfd1 Qc7
17. Bxd6 Qxd6 18. b3 Rbd8 19. cxd5 Bxd5 20. Qe3 Rd7 21. Bf1 Re8 22. Qc5 Qe5 23.
Nc3 Red8 24. Rac1 Qg5 25. Nxd5 cxd5 26. Qd4 $14 {1/2-1/2 Kaufman,L-Sashikiran,
K/Hampstead 1998/EXT 99 (41)}) 15... Be6 16. Rad1 Re8 17. Rfe1 Bxf4 18. Qxf4
Qa5 19. Qd6 Bd7 20. Kf1 Rbd8 21. Qc5 Qc7 22. Kg1 Nh5 23. c4 Nf4 24. Bf1 Rxe1
25. Rxe1 Ne6 26. Qe7 Re8 27. Qa3 d4 28. c5 Nf4 29. Rxe8+ Bxe8 30. g3 Nd5 31.
Nb2 Bd7 32. Qa4 Ne3 33. Be2 Qe5 34. Qxa7 Bxh3 35. Qa8+ Kh7 36. Qxc6 Ng4 37. Qf3
f5 38. Nd3 Qe4 39. Qxe4 fxe4 40. Nf4 d3 41. Bd1 {1-0 Santo Roman,M-Boudre,J/
FRA 1991/TD (41)}) (13... Be6 14. Rad1 Qa5 15. Rfe1 Rfe8 16. Ne2 c5 17. Be5
Rad8 18. Nf4 Bc8 19. Bc3 Qb6 20. Bxf6 Qxf6 21. Bb5 Bd7 22. Bxd7 Rxd7 23. Rxd5
$16 {0-1 Sutovskij,E-Liss,E/Rishon le Zion 1994/CBM 45 (35)}) 14. Rfe1 Ng5 15.
Qg3 (15. Qh5 $5) 15... Ne6 $1 16. Be5 $1 {White avoids hidden trap.} ({In case
of} 16. Bxh6 Bd6 $1 {is very strong and White must submit with the slightly
worse endgame:} (16... Bh4 17. Qg4 Bxf2+ (17... f5 $2 18. Bxf5 (18. Qh5 $5 gxh6
$140 19. Rxe6 $1 Bxe6 20. Qg6+ Kh8 21. Qxh6+ Kg8 22. Qxe6+ Kg7 23. Qxc6 $18)
18... Rxf5 $140 19. Qxf5 Nf8 20. Qh5 gxh6 21. Qxh6 $18) 18. Kxf2 Qf6+ 19. Kg1
Qxh6 $11) 17. f4 $1 ({After inaccurate} 17. Qg4 $143 $6 {[%cal Ge1e6] the
spring of black pieces suddenly opens and hits on the White's position.} Qf6
18. Bd2 (18. Be3 Nf4 19. Qd1 Bxh3 20. Bxf4 Qxf4 {see 18.Bd2}) 18... Nf4 19. Qd1
Bxh3 $1 20. Bxf4 Qxf4 21. gxh3 $140 $2 (21. g3 $142) 21... Qh2+ 22. Kf1 Qxh3+
23. Ke2 Rae8+ 24. Be4 (24. Kd2 Bf4+) 24... f5 $1) 17... Qf6 18. Bg5 Nxg5 19.
Qxg5 Qxf4 20. Qxf4 Bxf4 $15) 16... Re8 17. Rad1 Bd7 $5 18. Bf5 Bf8 {Now in
case of any move of White's knight 19...Ng5 will follow.} 19. Na4 (19. Ne2 {
[%cal Gc2c4]} Ng5 $1 20. Nd4 Bxf5 21. Nxf5 g6 22. Nd4 Ne4 $11) 19... Ng5 $1 20.
Bd3 $1 (20. Bxd7 $5 Qxd7 21. c4 Qb7 $1 22. cxd5 cxd5 23. Nc3 Rad8 $11) 20...
Qa5 21. b3 (21. Nc3 $5) 21... Bd6 $1 {[%cal Ge8e1]} 22. h4 $1 (22. Bc3 $143 Qc7
$1 (22... Rxe1+ 23. Rxe1 (23. Bxe1 Qxe1+ 24. Rxe1 Bxg3 25. fxg3 $11) 23... Qxc3
$140 $4 (23... Qc7 $142) 24. Bh7+ $1 $18 {[%csl Rc3]}) (22... Bxg3 23. Bxa5 Bd6
$11) 23. Qh4 Bf4 $1 {[%csl Gd2][%cal Rd7h3,Gc6c5,Gc5c4]} (23... Bxh3 {[%csl
Rg1,Rh4]} 24. Bd2 $1 Be6 25. Bxg5 hxg5 26. Qh7+ Kf8 27. Qh8+ Ke7 28. Qxg7 {
[%csl Rg5][%cal Re1e6,Rg7g5]} Kd7 $1 (28... Bh2+) 29. Bf5 $140 Re7 30. Qxg5 Rh8
$132) 24. Kh1 (24. Qh5 c5 $1 {[%csl Rc3][%cal Gc5c4,Gc4b3]} 25. Bb2 Bxa4 26.
bxa4 Qa5 {[%csl Ra4][%cal Ge8e1]}) 24... c5 $1 {[%cal Gd7a4,Gc5c4]} 25. Ba1
Rxe1+ 26. Rxe1 c4 27. Bf1 Ne4 $1 28. Bd4 Re8 $1 $17 {[%cal Gf4g3,Ge4g3]}) 22...
Rxe5 ({After} 22... f6 {[%cal Ye8e1,Ya5e1] Black has to take in consideration}
23. f4 $1 (23. hxg5 Bxe5 $1 (23... Rxe5 $6 24. Rxe5 Bxe5 25. f4 Bd4+ 26. Kh1
fxg5 (26... hxg5 27. Bg6 $1 {[%csl Rd4,Rg8][%cal Gg3h2,Gh2h7]}) 27. fxg5 hxg5
28. Qxg5 $36 {[%csl Rg8]}) 24. f4 (24. Rxe5 Rxe5 25. gxh6 Rg5 26. Qd6 Qd8 $1 {
[%cal Gg5g2]}) 24... Bd4+ 25. Kh1 fxg5 26. fxg5 Rxe1+ 27. Rxe1 (27. Qxe1 Qxe1+
28. Rxe1 hxg5 $15) 27... Qd2 {[%cal Gd4f2]} 28. gxh6 Qxh6+ 29. Qh2 Qxh2+ 30.
Kxh2 Kf7 {[%cal Gd4f2]} 31. Kg3 Kf6 $1 $15 {[%cal Gd4e5]}) 23... fxe5 24. fxg5
hxg5 25. Qxg5 $36 {[%csl Rg8]}) 23. Rxe5 Qc7 $1 24. hxg5 (24. f4 Bxe5 25. fxe5
Ne6 $15 {[%cal Gc6c5]}) 24... Bxe5 25. Qh4 Bf4 (25... Qd8 $5 26. f4 (26. Nc5
Be8 27. Re1 Bc3 28. Re2 Qxg5 $17) (26. Re1 Bd6 27. f4 {leads to 26.f4}) 26...
Bd6 27. Re1 $13) 26. gxh6 Bxh6 27. Re1 $5 (27. Nc5 $5 Re8 28. Nxd7 Qxd7 29. c4
{and White takes situation on the board under control.}) 27... Qd6 $1 {
Inviting White to come in.} (27... Re8 $5 28. Rxe8+ Bxe8 29. Nc5 Qe5) 28. Qe7 (
28. b4 $5) 28... Bf4 $1 29. Nc5 $2 {White doesn't feel danger.} (29. g3 $5 {
was much better} Bxg3 (29... Be6 $5 30. Qh4 Bh6 31. b4 $140 $6 a5 32. Nb6 Rb8
$1 ({but not} 32... Ra7 33. Nc8 $1 {[%cal Rc8d6,Rc8a7]}) 33. bxa5 Qc5 {[%csl
Ra5]}) 30. fxg3 Qxg3+ $11) 29... Qxe7 30. Rxe7 Bg4 $1 $15 {[%cal Gf4d6]} 31.
Na4 $4 {[%mdl 8192] Decisive blunder.} ({In case of} 31. Na6 $5 Kf8 ({Now} 
31... Be6 $2 {doesn't work because of} 32. Nc7 Bd6 (32... Kf8 33. Nxe6+ Kxe7
34. Nxf4) 33. Rxe6) 32. Re1 (32. Rb7 $2 Bd6 $1 {[%csl Gb4][%cal Rg4c8]}) 32...
Bd2 33. Rb1 Re8 $15 {[%csl Gd2,Gg4]}) ({or} 31. Re1 $5 Bd2 32. Rb1 $15 {
White is only slightly worse}) 31... Be6 $1 $19 {[%csl Re7][%cal Gf4d6]} 32.
Ba6 (32. c4 Kf8 $1 33. Rb7 (33. cxd5 Kxe7 34. dxe6 Rd8 $1 $19 {[%csl Rg1]})
33... Bc8 34. Rb4 Bd2 {[%csl Rb4]}) (32. Nc5 Bd6 33. Rxe6 fxe6 34. Nxe6 Re8 35.
Nd4 (35. Bf5 Kf7 {[%csl Rg1]}) 35... Re1+ 36. Bf1 c5 37. Nc6 Rc1 $1 $19) (32.
Rb7 Bd6 {[%cal Ge6c8]} 33. Ba6 Bc8 {leads to 32.Ba6}) 32... Bd6 33. Rb7 (33.
Bb7 Rb8 34. Rxe6 fxe6 35. Bxc6 Rc8 $1 36. Bd7 Rxc2 37. Bxe6+ Kf8 $19 {[%cal
Rc2c1,Gd5d4]}) 33... Bc8 34. Nb2 $2 {Resignation.} (34. Rxa7 Rxa7 35. Bxc8) ({
or} 34. c3 $5 {would leave some practical chances.}) 34... Bxb7 35. Bxb7 Rb8 (
35... Rb8 36. Bxc6 Rc8 37. Bxd5 Rxc2 38. Nd1 Rxa2 $19) 0-1

[Event "Cancan Veterans-Women"]
[Site "Roquebrune"]
[Date "1998.09.18"]
[Round "11"]
[White "Spassky, Boris Vasilievich"]
[Black "Xie, Jun"]
[Result "1/2-1/2"]
[WhiteElo "2545"]
[BlackElo "2510"]
[Annotator "Mikhalevski,V"]
[PlyCount "60"]
[EventDate "1998.09.07"]
[EventType "schev"]
[EventRounds "12"]
[EventCountry "FRA"]
[SourceTitle "CBM 067"]
[Source "ChessBase"]
[SourceDate "1998.11.30"]
[SourceVersion "2"]
[SourceVersionDate "1998.11.01"]
[SourceQuality "1"]

{[%mdl 26856]} 1. e4 e5 2. Nf3 Nc6 3. Nc3 Nf6 4. d4 exd4 5. Nxd4 Bb4 6. Nxc6
bxc6 7. Bd3 O-O 8. O-O d5 9. exd5 cxd5 10. Bg5 c6 11. Na4 Bd6 {One of the
possible answers for 11.Na4.} ({Other options not less popular:} 11... h6) (
11... Re8) (11... Qd6) (11... Be7) 12. c4 Rb8 13. Re1 h6 14. Bh4 Be6 15. cxd5 {
This move was tried before only once.} ({In all other previous games} 15. Rc1 {
was played} Bf4 (15... d4 16. c5 Bf4 17. Ra1 g5 18. Bg3 Bxg3 19. hxg3 Qc7 20.
Qd2 Rfd8 21. b3 Kg7 22. Rac1 Rd7 23. Nb2 Rbd8 24. Bc4 Bf5 25. Bd3 Be6 26. Nc4
Bxc4 27. Rxc4 Re7 $11 {1/2-1/2 Motylev,A-Dervishi,E/Guarapuava 1995/JUN 95 (33)
}) 16. Rc2 dxc4 $5 17. Bxc4 Bf5 (17... Qxd1 18. Rxd1 Rfd8 19. Rxd8+ (19. Re1
Bf5 (19... Rd2 $5 $15) 20. Bxf6 Bxc2 21. Bxd8 Rxd8 22. Nc5 Kf8 $11 {1/2-1/2
Grabics,M-Forgo,E/HUN-chW 1995/EXT 95ch (29)}) 19... Rxd8 20. Be2 (20. Bxf6
Rd1+ 21. Bf1 gxf6 $11) 20... Rd4 21. Bxf6 Rxa4 22. b3 Bf5 $1 23. Rb2 $8 Ra5 24.
Bc3 Rc5 25. Bc4 Be5 26. Bxe5 Rxe5 27. Kf1 Kf8 28. f3 Ke7 29. Kf2 g5 {1/2-1/2
Thorhallsson,T-Hjartarson,J/Akureyri 1994/CBM 40 (29)}) 18. Rce2 (18. Qxd8
Rfxd8 19. Bxf6 {19.Rce2 Rd4} Bxc2 20. Bxd8 Rxd8 $15) 18... Bxh2+ 19. Kh1 $1 (
19. Kxh2 Ng4+ 20. Kg3 Qc7+ 21. f4 (21. Kf3 Nh2+ 22. Ke3 Qe5+ 23. Kd2 Qd4+ $19 {
23. - Rxb2+ - +}) 21... g5 $19) 19... Bc7 20. Re7 {1/2-1/2 Rublevsky,S-Almasi,
Z/Balatonbereny 1993/CBM 38/[Schussler] (42)} Rb4 $1 21. b3 Nd5 $1 $19) 15...
cxd5 16. Rc1 Rb4 17. Bg3 Bxg3 18. hxg3 Ng4 19. b3 {The same position has
reached another game where the moves starting from 20-th Black's move were
inputed incorrectly(in according to the common sense).I leave it as it was in
Mega database.} Qf6 $5 $146 {So only this move is a novelty.Its idea is to
entice White's queen to f3 to make the advance f2-f3 impossible.} (19... Qg5 {
[%cal Gg5h5]} 20. Be2 (20. f3 Nf6 (20... Ne3 $2 21. Qd2 {[%cal Rd2b4,Rd2e3]}) (
20... Ne5 $4 21. f4)) 20... f5 $4 21. f4 $4 (21. Bxg4 $18) 21... Rxf4 $4 22.
gxf4 Qxf4 23. Bf3 Qh2+ 24. Kf1 {1-0 Pugachov,A-Shalamberidze,A/Mlada Boleslav
1993/EXT 93op (24)}) 20. Qe2 (20. Qf3 $6 Qg5 $1 {[%cal Gg5h5] and it's
impossible to drive the knight out of g4.}) 20... Bf5 $2 {Now White gets
better position by force.} (20... Qg5 {[%cal Gg5h5] can be met by} 21. f3 Nf6
22. Qe5 $5 (22. Qf2 $143 Nh5 23. g4 Nf4 {[%cal Gh6h5]}) 22... Qxe5 23. Rxe5 {
with slightly better endgame.Anyway it probably was the best play for Black.})
21. Nc5 $2 ({White misses the following variation which leads to the win of a
pawn or to the very dangerous for Black position.} 21. Bxf5 $1 Qxf5 22. f3 Nf6
23. Qe7 $1 Rd4 $1 {The most stubborn defence.} (23... Rfb8 24. Rc7 (24. Qxa7 $5
)) (23... Rbb8 24. Qxa7 $16) 24. Rc7 $1 {[%cal Gg3g4,Ga4c5,Gc5e6]} Nh7 $1 {
Black has to protect his rook to free her queen from protecting c8 square.} (
24... h5 $2 25. Nc5 $1 {[%cal Gc5e6] and the threat 26.Ne6! is unavoidable as}
Qg6 {is refuted by} 26. Qxf8+ $1) (24... Rd2 $2 25. g4 Nxg4 (25... Qf4 26.
Qxf8+ $1) 26. Qb4 $3 {[%cal Rb4d2,Rb4g4]} Rxa2 27. Qxg4 $18) 25. Nc5 $1 (25.
Rxa7 Rd2 $132 {[%cal Gf5c2]}) 25... Qg5 $1 {Now it's good because rook on f8
is protected and mortal blow Q:f8 is impossible.} (25... Rd2 26. Ne6 Rb8 $8 27.
Qd7 $1 {[%cal Gc7c8]} Rc2 $8 28. Rxc2 Qxc2 29. Nd8 $1 Ng5 $8 30. Qxd5 $16) 26.
g4 $1 {[%cal Gc7a7]} (26. Nd7 Qxg3 $1 27. Nxf8 Ng5 $1 $40) 26... a5 27. Nd7 $1
Rd8 28. Ne5 $1 $14 {[%csl Rf7] /+/-.For instance:} Qxe7 29. Rxe7 {[%cal Ge5c6,
Ge5f7]} Rc8 30. Nxf7 Rd2 31. Nd6 Rcc2 32. Re8+ Nf8 33. Rxf8+ $1 Kh7 34. Kh2 $1
$18) 21... Bxd3 22. Nxd3 Re4 {Now black is OK.} 23. Qb2 (23. Qf3 $5) 23... Qf5
$1 {All changes in the White's favour.} 24. f3 (24. Nf4 $5) 24... Rxe1+ 25.
Nxe1 Nf6 26. Qd4 Nh5 $6 {this move has become possible as the rook on c1 is
not protected but at the same time Black shouldn't play it as knight on g3
doesn't feel very comfortable.} (26... Re8 $5 {[%cal Ge8e2]}) 27. g4 (27. Kf2
$2 Qg5 {[%cal Gg5g3,Gg5c1]}) 27... Qg5 {[%cal Rg5c1]} 28. Nd3 Ng3 29. Kf2 (29.
Re1 Rc8 $1 {[%cal Gg5h4]} 30. Qxa7 Qh4 31. Nc5 (31. Qe7 $2 Qh1+ 32. Kf2 Rc2+
33. Kxg3 (33. Ke3 Qxe1+ $1 34. Nxe1 Re2+ $19) 33... Qxg2+ 34. Kf4 Qd2+ $1 35.
Ke5 (35. Qe3 Qh2+ 36. Kf5 g6+ 37. Kf6 Qd6+ $19) 35... Qxd3 $17 36. Qd8+ $140
Kh7 37. Qxd5 Qc3+ 38. Kf4 g5+ $1 39. Kf5 Qc7 $1 {[%cal Rc7f4,Rc2c5]} (39...
Qxe1 $2 40. Qxf7+ $11) 40. Qd4 (40. Re5 Qc8+ $1 41. Kf6 Rc6+ 42. Kxf7 (42. Ke7
Qb7+ 43. Kf8 (43. Qd7 Rc7) 43... Rc8+) 42... Qg8+ 43. Ke7 Rc7+ 44. Kd6 Qd8+ 45.
Ke6 Qe8+ 46. Kf5 Qg6#)) 31... Qh1+ 32. Kf2 Qh4 $11) 29... Qh4 30. Qe5 $1 $14 ({
After} 30. Qxd5 {Black can choose between} Rd8 {that leads to a draw} ({and} 
30... Re8 $5 31. Ne5 {[%cal Gd5f7]} (31. Re1 $2 Nf5+ $1 32. Kf1 Rxe1+ 33. Nxe1
Ne3+) 31... Ne4+ 32. Ke3 Ng5 $13) 31. Qb5 (31. Qc4 Re8) 31... a6 $1 32. Qxa6
Re8 {[%cal Ge8e2]} 33. Re1 $1 (33. Rc8 $4 Ne2+ 34. Kf1 Qh1+ 35. Kf2 Qg1#) 33...
Nf5+ (33... Nh1+ $2 34. Kg1 (34. Kf1 $4 Rxe1+ 35. Nxe1 Qf2#) 34... Rxe1+ 35.
Nxe1 Qxe1+ (35... Qf2+ 36. Kxh1 Qxe1+ 37. Kh2 Qh4+ 38. Kg1 Qe1+ 39. Qf1 $18)
36. Qf1 $1 {and Black has to think how to save the game}) 34. Kf1 Qh1+ 35. Kf2
Qh4+ $11) (30. Qxa7 Re8 31. Re1 (31. Ne5 $2 Kh7 $1 $17) 31... Ne2+ (31... Nh1+
32. Kf1 Ng3+ $11) 32. Kf1 Qh1+ $11) 30... Ne4+ {I think White should continue.}
({After} 30... Ne4+ 31. Kg1 $14 {he is better as Black's peaces have lost
co-ordination.}) 1/2-1/2

[Event "Lippstadt 9th"]
[Site "Lippstadt"]
[Date "1999.07.23"]
[Round "2"]
[White "Naumann, Alexander"]
[Black "Matthias, Heiner"]
[Result "1/2-1/2"]
[WhiteElo "2478"]
[BlackElo "2399"]
[Annotator "Mikhalevski,V"]
[PlyCount "89"]
[EventDate "1999.07.22"]
[EventType "tourn"]
[EventRounds "11"]
[EventCountry "GER"]
[EventCategory "8"]
[SourceTitle "CBM 072"]
[Source "ChessBase"]
[SourceDate "1999.10.01"]
[SourceVersion "1"]
[SourceVersionDate "1999.10.01"]
[SourceQuality "1"]

1. e4 e5 2. Nf3 Nf6 3. Nc3 Nc6 4. d4 exd4 5. Nxd4 Bb4 6. Nxc6 bxc6 7. Bd3 d5 8.
exd5 cxd5 9. O-O O-O 10. Bg5 c6 11. Na4 Re8 (11... h6 12. Bh4 Bd6 13. c4 Rb8
14. b3 Be6 15. Rc1 Rb4 $6 (15... Bf4 $5) 16. a3 Rb8 17. b4 a5 18. c5 Be7 19.
Bg3 Ra8 20. Nb6 Ra7 21. Qa4 Bd7 22. Rfe1 Be8 23. Bf5 Nd7 24. Qxc6 Nxc5 25. Qxd5
Qxb6 26. bxc5 Qb5 27. Bd3 Qc6 28. Qc4 Qa4 29. c6 Qxa3 30. Bb8 {1-0 Zelcic,
R-Balogh,T/Baden SUI 1999 (30)/CBM71 [Mikhalevski,V]}) 12. c4 (12. c3 Bd6 13.
Qf3 h6 14. Bxf6 Qxf6 15. Qxf6 gxf6 16. b4 Be6 17. Nc5 a5 18. Nxe6 fxe6 19. b5
cxb5 20. Bxb5 Re7 21. c4 d4 22. c5 Bxc5 23. Rfe1 Bb4 24. Re4 f5 25. Re5 Bd6 26.
Re2 Rc8 {Naumann,A-Gyimesi,Z/Szombathely 1993/TD/0-1 (60)}) 12... h6 (12... Bd6
13. cxd5 cxd5 14. Rc1 Rb8 15. b3 Be5 16. Nc3 Bb7 17. Kh1 h6 18. Bh4 Qa5 19. Na4
Qb4 20. Bg3 Bxg3 21. hxg3 Ne4 22. Bxe4 dxe4 23. Qe1 Qa3 24. Qe3 Qxa2 25. Ra1
Qc2 26. Nc5 Bd5 27. Rad1 {Kobalija,M-Malaniuk,V/St.Petersburg 1994/CBM 43 ext/
1/2-1/2 (91)}) 13. Bh4 Bf8 $146 {In the preceding games black used to put his
bishop on d6 in the main immediatly or after Rb8 that only leads to
transposition.} (13... Rb8 14. Rc1 Bd6 15. b3 Bf4 16. Bg3 Bg4 17. Qc2 Bxg3 18.
hxg3 d4 19. Qd2 Qd6 20. Rce1 c5 21. Qa5 Rec8 22. Nb2 Bd7 {1/2-1/2 Rublevsky,
S-Obukhov,A/Kurgan 1994/CBM 43 (22)}) (13... Bd6 {preparing Rb8 is the main
line.} 14. Bg3 (14. Rc1 Be6 15. Re1 Bf4 16. Rc3 dxc4 17. Bxc4 Qxd1 18. Rxd1
Rad8 19. Rf1 Bd2 20. Bxf6 Bxc3 21. Bxd8 Bxc4 22. Rd1 Bd4 23. Bh4 Bxa2 24. Nc3
Bb3 25. Ra1 a5 $17 {0-1 Ankerst,M-Arkhipov,S/Munich 1993/TD (34)}) (14. cxd5
cxd5 15. Rc1 Bf4 16. Rc5 Qd6 17. Bg3 (17. Bxf6 Qxf6 {1/2-1/2 Golubev
Mikhail-Frolov Artur/Kiev NIKA GP 1997 (17)}) 17... Bg4 18. Qc2 Rac8 19. b4 Ne4
20. Bxe4 dxe4 21. Rxc8 Bxc8 22. Rd1 e3 23. Rxd6 e2 24. Qxe2 Rxe2 25. Rd8+ Kh7
26. Kf1 Ba6 27. Nc5 Bxg3 28. Nxa6 Rxf2+ {Vokarev,S-Malaniuk,V/Bydgoszcz 1999/
0-1 (63)}) 14... Ne4 15. Bxe4 Rxe4 16. cxd5 Bxg3 17. hxg3 cxd5 18. Nc3 Rb4 19.
Qxd5 Qxd5 20. Nxd5 Rxb2 21. Rab1 Rxb1 22. Rxb1 Be6 23. Nc7 Bxa2 24. Rb7 Rd8 25.
Rxa7 Rd1+ {1/2-1/2 Vajda,S-Grabarska,B/Zagan 1997/CBM 59 ext (25)}) 14. Rc1 (
14. Qf3 $4 {is a typical blunder} g5 15. Bg3 Bg4 {[%csl Rf3]}) 14... g5 {
The idea of 13...Bf8.Black wants to exchange his knight for one of the bishops
with the aid of Ne4.In the case of 14...Bd6 this idea wouldn't work.} 15. Bg3
Ne4 16. cxd5 (16. Bxe4 dxe4 17. Qh5) 16... Nxg3 $6 (16... cxd5 $142 17. Bxe4 $5
(17. Bb5 Re7 18. Bc6 Nxg3 19. fxg3 Bb7 {[%cal Gf8g7]}) 17... dxe4 18. Qh5 $36)
17. fxg3 cxd5 (17... Qxd5 $2 18. Bc4) 18. Bb1 $6 {[%cal Gd1d3] Too slowly.In
White's disposal was much stronger move.} (18. Rxf7 $1 {[%mdl 512] This
beautiful tactical blow could serve how  punishment for the dubious opening
strategy of Black.} Kxf7 (18... Be6 19. Rf1 $16) 19. Qh5+ Ke7 (19... Kg8 $2 20.
Qg6+ Bg7 21. Rf1 {[%cal Rg6h7,Rf1f7]} Bf5 22. Bxf5 Qf6 23. Qh7+ Kf8 24. Bd7 $18
) 20. Re1+ Be6 21. Nc5 Qb6 22. Rxe6+ Qxe6 23. Nxe6 Kxe6 24. h4 $1 $16 {[%csl
Re6] White is much better thanks to the open position of Black's king.}) 18...
Be6 (18... Ba6 $5 19. Rf5 (19. Qc2 Re4 {[%cal Ga8c8]}) 19... d4 20. Bd3 Bxd3
21. Qxd3 Rc8 $1 22. Rcf1 Re3 {[%cal Gc8c7]}) 19. Qd3 Bg7 20. Qh7+ Kf8 21. Bg6 {
[%cal Ga4c5,Gg6f7]} Re7 (21... Qd6 $5 22. Nc5 (22. Bxf7 $6 Bxf7 23. Rxf7+ Kxf7
24. Rf1+ Ke7 25. Qxg7+ Kd8) 22... Re7 {see 21...Re7}) 22. Nc5 Qd6 23. b4 $1 {
[%cal Gc1e1] White is ready for decisive attack by means of Re1,but Black is
just in time to protect his position.} a5 $2 {It wasn't necessary to give up a
pawn.} ({After correct} 23... Rae8 $1 24. Rce1 Rc7 $1 {White can't make
progress.}) 24. b5 $2 (24. Rce1 {[%csl Rf7][%cal Gc5e6,Ge1e6]} Raa7) ({After
simple capture on a5 Black would have to solve serious problems.} 24. bxa5 $142
$1 d4 (24... Rxa5 $2 {is refuted by} 25. Nxe6+ Qxe6 26. Bxf7 $1 Rxf7 27. Rxf7+
Qxf7 (27... Kxf7 28. Rf1+ Ke8 29. Qxg7 Qd6 30. Qh8+ Kd7 31. Rf7+ Kc6 32. Rf6
$18) 28. Rc8+ Ke7 29. Rc7+) 25. Nxe6+ Qxe6 26. a6 $1 (26. Rf2) 26... Rb8 (26...
Qxa2 $6 27. Be4 Rd8 28. Ra1 $16 {[%cal Ga6a7]}) (26... Rxa6 $2 27. Bxf7 $1 Rxf7
28. Rxf7+ Kxf7 29. Rf1+ Ke8 30. Qxg7 $18) 27. Bd3 $1 $16 {[%csl Ra6,Rf8]})
24... Raa7 $5 {[%cal Ga7c7]} (24... Rae8 $5) (24... Rc8 $6 {is dangerous in
view of} 25. Nxe6+ Qxe6 26. Bxf7 $1 Rxf7 (26... Qe3+ 27. Kh1 Rxc1 28. Qg8#) 27.
Rxf7+ Kxf7 28. Rf1+ Ke8 (28... Ke7 29. Qxg7+ Kd6 30. h3 $1 {[%cal Gf1f6]} (30.
Rf6 $2 Rc1+ 31. Kf2 Rc2+ $11)) 29. Qxg7 Rc1 $1 30. Qf8+ Kd7 31. Qf2 $16) 25.
Nxe6+ Qxe6 26. Rc6 Qe3+ 27. Kh1 Rac7 28. Rd6 (28. Bh5 $5 {[%csl Rf7][%cal
Gh7f5,Gc6h6,Gc6g6] probably was the last chance to fight for advantage.} Rxc6
29. bxc6 {[%cal Gh7g6]} Qe6 30. Qc2 Rc7 31. Qc5+ Kg8 32. Qb5 $14 {[%cal Gb5b8]}
) 28... Rcd7 29. Rxd7 (29. Rc6 {It wasn't late to come back to 28.Bh5.}) 29...
Rxd7 $11 30. Bd3 Re7 31. Qf5 Qe6 32. Qxe6 Rxe6 {[%mdl 4096] Now White has to
be careful to keep an equality.} 33. Bf5 $6 (33. a4 $142 $1 {[%cal Gd3f5]} Ke7
34. Bf5 Re2 35. b6 $1) 33... Re2 34. a4 Ke7 $6 ({Black could make use of 33.
Bf5?! by means of} 34... Ra2 $5 35. Be6 (35. b6 $2 Rxa4 36. Rb1 Be5 37. b7 Bb8
$17) 35... Ke7 36. Bxd5 Rxa4 37. b6 Rb4 (37... Kd6) 38. b7 Kd6 $15 {[%csl Ga5,
Rh1]}) 35. Rb1 $6 (35. b6 $142 Rb2 36. Rb1 $11) 35... Kd6 $6 {Now draw is
inevitable.} (35... Bd4 $142 $1 {[%cal Gd4b6] and White would feel sorry for
his last move.}) 36. b6 {After this move Black has to exchange rooks and one
extra pawn won't be enough for a win as he can't create second weakness in the
White's position.} Rb2 37. b7 Kc7 38. Rxb2 Bxb2 39. Kg1 Kxb7 40. Kf2 (40. g4 $5
Kc6 41. Kf2 Kc5 42. Ke3 $11) 40... Kc6 41. g4 Kc5 42. Ke3 Kc4 43. Bd3+ Kc3 44.
Bb5 Bc1+ 45. Ke2 $11 1/2-1/2